[Event "Bogota op 02"]
[Site "Bogota"]
[Date "2012.02.26"]
[Round "7"]
[White "Almanza, Rafael Andres"]
[Black "Dominguez Rincon, Miller Duvan"]
[Result "0-1"]
[WhiteElo "2183"]
[BlackElo "2007"]
[PlyCount "88"]
[EventDate "2012.02.23"]
[EventType "swiss"]
[EventRounds "7"]
[EventCountry "COL"]
[SourceTitle "CBM 147 Extra"]
[Source "ChessBase"]
[SourceDate "2012.04.24"]
[SourceVersion "1"]
[SourceVersionDate "2012.04.24"]
[SourceQuality "1"]

1. e4 e5 2. Nf3 Nc6 3. d4 exd4 4. Nxd4 Bc5 5. Nb3 Be7 6. c4 Bf6 7. Be2 d6 8. 0-0 Nge7 9. Nc3 a5 10. a4 0-0 11. Qc2 Nb4 12. Qd2 Nec6 13. Nd5 Nxd5 14. cxd5 Nb4 15. Nxa5 c5 16. Nb3 Re8 17. f3 Bd7 18. a5 h6 19. Bc4 g5 20. Ra3 Re7 21. Qf2 Be5 22. Be3 Re8 23. Nxc5 dxc5 24. Bxc5 Na6 25. Bd4 Qf6 26. Bxe5 Rxe5 27. Rb3 Qd6 28. Rxb7 Nc5 29. Rb6 Qc7 30. b4 Na4 31. Rxh6 Qxc4 32. Qg3 Qd4+ 33. Kh1 Bb5 34. Rg1 Ra6 35. Rh5 Rg6 36. Qh3 Re8 37. Qg4 Qe5 38. h3 Nc3 39. g3 Ne2 40. Rg2 Ba6 41. Kh2 Bc8 42. f4 Qxe4 43. f5 Bxf5 44. Qxe4 Rxe4 0-1

[Event "Bogota op 02"]
[Site "Bogota"]
[Date "2012.02.25"]
[Round "4"]
[White "Juez, Henry David"]
[Black "Almanza, Rafael Andres"]
[Result "0-1"]
[WhiteElo "1976"]
[BlackElo "2183"]
[PlyCount "50"]
[EventDate "2012.02.23"]
[EventType "swiss"]
[EventRounds "7"]
[EventCountry "COL"]
[SourceTitle "CBM 147 Extra"]
[Source "ChessBase"]
[SourceDate "2012.04.24"]
[SourceVersion "1"]
[SourceVersionDate "2012.04.24"]
[SourceQuality "1"]

1. e4 c5 2. Nf3 d6 3. d4 cxd4 4. Nxd4 Nf6 5. Nc3 a6 6. Bc4 e6 7. 0-0 Be7 8. Be3 Qc7 9. Bb3 Nc6 10. Re1 0-0 11. Qe2 Na5 12. Rad1 b5 13. a3 Nxb3 14. Nxb3 Bb7 15. Bf4 Rfd8 16. Rd3 Nd7 17. Rg3 Ne5 18. Rh3 Ng6 19. Qh5 Nf8 20. Ree3 Bf6 21. Reg3 Be5 22. Qh6 g6 23. Rf3 d5 24. Bg5 dxe4 25. Bxd8 Rxd8 0-1